Přijímací zkoušky na víceletá gymnázia. Matematika /
Testy z matematiky pro žáky 5. tříd základních škol, kteří se připravují k přijímacím zkouškám na osmiletá gymnázia.
Uloženo v:
| Hlavní autor: | |
|---|---|
| Médium: | E-kniha |
| Jazyk: | Czech |
| Vydáno: |
V Brně :
Edika,
2018
|
| Vydání: | 1. vydání |
| Témata: | |
| Tagy: |
Žádné tagy |
| LEADER | 02799nam a2200601 i 4500 | ||
|---|---|---|---|
| 001 | 311076 | ||
| 003 | CZ PrSKC | ||
| 005 | 20260601215659.0 | ||
| 007 | ta | ||
| 008 | 181107s2018 xr a c p 000 0 cze | ||
| 015 | |a cnb003050579 | ||
| 020 | |a 9788026613305 |q (brožováno) : |c Kč 199,00 | ||
| 035 | |a (OCoLC)1078645147 | ||
| 040 | |a BOA001 |b cze |d ABA001 |d OLA001 |e rda | ||
| 072 | 7 | |a 51 |x Matematika |2 Konspekt | |
| 072 | 7 | |a 37.016 |x Učební osnovy. Vyučovací předměty. Učebnice |2 Konspekt | |
| 080 | |a 51 |2 MRF | ||
| 080 | |a 373.3.016 |2 MRF | ||
| 080 | |a 37.091.212.2 |2 MRF | ||
| 080 | |a 373.5-021.311 |2 MRF | ||
| 080 | |a (076.1/.3) |2 MRF | ||
| 080 | |a (079.1) |2 MRF | ||
| 100 | 1 | |a Sedláček, Stanislav |7 jo20231197565 |4 aut | |
| 245 | 1 | 0 | |a Přijímací zkoušky na víceletá gymnázia. |p Matematika / |c Stanislav Sedláček |
| 246 | 1 | |i Název na rubu titulní stránky: |a Přijímací zkoušky na víceletá gymnázia - matematika | |
| 246 | 3 | 0 | |a Matematika |
| 250 | |a 1. vydání | ||
| 264 | 1 | |a V Brně : |b Edika, |c 2018 | |
| 300 | |a 127 stran : |b ilustrace (některé barevné) ; |c 25 cm | ||
| 336 | |a text |b txt |2 rdacontent | ||
| 337 | |a bez média |b n |2 rdamedia | ||
| 338 | |a svazek |b nc |2 rdacarrier | ||
| 500 | |a Obálkový podnázev: sbírka testových úloh, cvičné didaktické testy, klíč k úlohám | ||
| 520 | 2 | |a Testy z matematiky pro žáky 5. tříd základních škol, kteří se připravují k přijímacím zkouškám na osmiletá gymnázia. |b Informace o podobě didaktických testů zadávaných v rámci jednotných přijímacích zkoušek v minulých letech. Testové úlohy k opakování učiva. Tři cvičné didaktické testy. Správné odpovědi v závěru knihy. | |
| 521 | 8 | |a Pro žáky 5. tříd ZŠ | |
| 650 | 0 | 7 | |a matematika |7 ph117231 |x úlohy |2 czenas |
| 650 | 0 | 7 | |a učivo základních škol |7 ph136701 |2 czenas |
| 650 | 0 | 7 | |a přijímací zkoušky |7 ph124916 |2 czenas |
| 650 | 0 | 7 | |a gymnázia |7 ph114644 |2 czenas |
| 650 | 0 | 9 | |a mathematics |x problems, exercises, etc. |2 eczenas |
| 650 | 0 | 9 | |a elementary school curriculum |2 eczenas |
| 650 | 0 | 9 | |a entrance examinations |2 eczenas |
| 650 | 0 | 9 | |a high schools |2 eczenas |
| 655 | 7 | |a sbírky úloh |7 fd132056 |2 czenas | |
| 655 | 7 | |a testy |7 fd133697 |2 czenas | |
| 655 | 9 | |a examinations, questions, etc. |2 eczenas | |
| 655 | 9 | |a tests |2 eczenas | |
| 900 | |a ABA001 |b 19 | ||
| 928 | 9 | |a Albatros Media - Edika | |
| 044 | |a xr | ||
| 910 | |a RBIT002 | ||
| 998 | |d 201102 |a https://core.palmknihy.cz/api/books/201102/cover?pw9smp |b https://core.palmknihy.cz/api/books/201102/cover/400?pw9smp |c https://core.palmknihy.cz/api/books/201102/cover/50?pw9smp |e 3999-12-31 |g 128 |i 9788026613305 |k https://core.palmknihy.cz/api/books/201102/preview.pdf |l |q 49 |r 1 |s https://www.palmknihy.cz/kniha/201102 |t ebook |y 2019 |z 0 | ||
| 999 | |d 311074 | ||